01702nkm a2200361 i 45000010005000000030009000050050017000140070006000310080041000371000031000782450077001092600029001863000039002155000035002545110129002895180207004186000040006256000040006656000029007056000035007346000026007696000041007956000039008366100070008757100028009457100059009737100017010328520027010498560093010769420008011699990015011779520148011923405ES-MaACL20250713062702.0khrbo051021s1984 sp --- g |001||spa d0 aAlfonso,d1902-199091985810aHomenaje a Ángel María de Lera [hFotografía] / cAlfonso (sello). a[S.l. : bs.n.], c1984. a6 fot. : bb. y n. ; c12 x 18 cm. aDatos basados en invitación.0 aIntervienen: Angelina Gatell, Ramón Hernández, Andrés Sorel, Lauro Olmo, Juan Mollá, Leopoldo de Luis, Antono Tovar. aActo organizado por el Ateneo de Madrid en colaboración con la Asociación Colegial de Escritores de España (A.C.E), celebrado en el salón de actos el lunes, 29 de octubre de 1984, a las 19:30 h.14aGatell, Angelina,d1926-201795595614aHernández, Ramón,d1935-96285914aSorel, Andrés.910733314aOlmo, Lauro,d1922-199498697414aMollá, Juan.98204314aLuis, Leopoldo de,d1918-200597468214aTovar, Antonio,d1911-1985911116724aAteneo de Madrid-xActos culturales-y1984-vFotografías.918982 aAteneo de Madrid.918752 aAsociación Colegial de Escritores de España.915222 aA.C.E.91128 aES-MaACLjFOT 112/19844 uhttp://www.ateneodemadrid.net/biblioteca_digital/imagenes/1984/0112-1984.jpgzVer imagen 2udc c3405d3405 001040708Colección_digitalaATENEOMbATENEOMcDEPOZd2008-01-17eSCl0oFOT 112/1984p1003468r2023-02-23 00:00:00w2023-02-23yFOTOGRAFIA